[Event "Quebec-ch qual 2"]
[Site "Montreal"]
[Date "2003.05.31"]
[Round "3"]
[White "Summerhays, David"]
[Black "Gauthier, Denis"]
[Result "1/2-1/2"]
[WhiteElo "100"]
[BlackElo "1983"]
[PlyCount "76"]
[EventDate "2003.05.??"]
[EventType "swiss"]
[EventRounds "5"]
[EventCountry "CAN"]
[SourceTitle "EXT 2006"]
[Source "ChessBase"]
[SourceDate "2005.11.24"]
[SourceVersion "1"]
[SourceVersionDate "2005.11.24"]
[SourceQuality "1"]

1. e4 c5 2. Nf3 e6 3. d4 cxd4 4. Nxd4 a6 5. Nc3 Qc7 6. Be2 Nc6 7. Be3 Nf6 8. a3 Be7 9. 0-0 0-0 10. Kh1 d6 11. f4 Bd7 12. Nb3 b5 13. Bf3 Rab8 14. Qe2 Bc8 15. Bg1 Bb7 16. Rad1 Nd7 17. h3 Rfe8 18. Rfe1 Bh4 19. Bf2 Bxf2 20. Qxf2 Nb6 21. Be2 Rbd8 22. Bf1 Ne7 23. f5 exf5 24. exf5 Ned5 25. Nxd5 Nxd5 26. Nd4 Nf6 27. Rxe8+ Rxe8 28. Bd3 Qc5 29. c3 Qe5 30. Kg1 h6 31. Rd2 Ne4 32. Bxe4 Qxe4 33. Re2 Qb1+ 34. Qf1 Qxf1+ 35. Kxf1 Re5 36. Kf2 Kf8 37. g4 Ke7 38. Kg3 Kf6 1/2-1/2